Statistics for Ultimate Car Models Quiz

Click here to take the quiz!

General Stats

  • This quiz has been taken 1,126 times
    (1,087 since last reset)
  • The average score is 28 of 88

Answer Stats

Answer% Correct
Lamborghini Aventador
69%
Ford Mustang
66%
BMW I8
63%
Chevrolet Camaro
63%
Mini Cooper S
62%
Audi R8
61%
Bugatti Chiron
60%
Dodge Challenger
55%
Volkswagen Beetle
55%
Tesla Model S
53%
Jeep Wrangler
52%
Ford Explorer
50%
Lamborghini Huracán
50%
Honda CR-V
48%
Hummer H2
48%
Lexus LFA
48%
McLaren P1
46%
Porsche 918 Spyder
46%
Lamborghini Diablo
45%
McLaren Senna
45%
Rolls Royce Phantom
45%
Dodge Charger
44%
Mazda CX-5
44%
Nissan 370Z
44%
Toyota Corolla
44%
Pontiac Firebird
42%
Ford F150
41%
Porsche Carrera
41%
Nissan Altima
40%
Bentley Continental GT
39%
Cadillac Escalade
39%
Kia Stinger
37%
Koenigsegg Agera
37%
Volkswagen Golf
37%
Dodge Ram
36%
Porsche Macan
36%
Chevrolet Silverado
35%
Mercedes Benz SL350
34%
Bugatti EB110
33%
Dodge Durango
33%
Mercedes Benz Sprinter
33%
Suzuki Swift
33%
Aston Martin Vulcan
31%
Pagani Huayra BC
31%
Range Rover Evoque
31%
Ferrari LaFerrari
30%
Jaguar F Type
30%
Peel P50
28%
Aston Martin Vanquish
27%
BMW Isetta
27%
Lykan Hypersport
27%
Alfa Romeo 4C
25%
Ford Edge
24%
Ford Fusion
24%
FIAT Abarth
22%
Honda Odyssey
21%
Subaru Impreza
21%
Alfa Romeo 8C
20%
Chevrolet Bel Air
20%
Renault Clio Williams
20%
Volkswagen Jetta
20%
Honda Accord
19%
Hyundai Elantra
19%
Hyundai Genesis
19%
Lincoln Navigator
19%
Saleen S7
19%
Volvo S60 Polestar
19%
Land Rover Discovery
18%
Mitsubishi Galant
17%
Pontiac Trans AM
16%
Maserati Quattroporte
15%
Noble M600
15%
Maserati Gran Turismo
14%
Chrysler Sebring
13%
Pontiac GTO Judge
13%
Renault Alpine
13%
Jaguar XKR
12%
Lincoln Continental
12%
Volkswagen Corrado
12%
Infiniti M37
11%
Acura TSX
10%
Nissan Sentra
9%
Chevrolet Montecarlo
7%
Lotus Eleven
6%
Saturn Ion
6%
Ferrari Berlinetta
5%
Mercury Milan
5%
Oldsmobile Alero
5%

Score Distribution

Percentile by Number Answered

Percent of People with Each Score

Your Score History

You have not taken this quiz since the last reset